Appalachian Trail States by Miles Quiz - Statistics

General Stats
  • This quiz has been taken 37 times
  • The average score is 13 of 14
Answer Stats
Miles State % Correct
281.4 Maine
100%
550.3 Virginia
100%
160.9 New Hampshire
96%
229.6 Pennsylvania
96%
287.9 Tennessee
96%
150 Vermont
96%
76.4 Georgia
93%
88.4 New York
89%
40.9 Maryland
86%
90.2 Massachusetts
86%
95.5 North Carolina
86%
4 West Virginia
86%
72.2 New Jersey
82%
51.6 Connecticut
75%
No matching quizzes found
Score Distribution
Percent of People with Each Score
Percentile by Number Answered
Your Score History
You have not taken this quiz